Nicaragua; Regime in crisis
En este se reflexiona sobre la crisis del gobierno de Anastasio Somoza Debayle, en Nicaragua. Revisa, someramente, algunas de las fuerzas polítcas que estaban en pugna en el momento, la decadencia y corrupción del régimen somocista, el surgimiento del Frente Sandinista de Liberación Nacional y el ro...
Salvato in:
| Natura: | testo |
|---|---|
| Soggetti: | |
| Tags: |
Aggiungi Tag
Nessun Tag, puoi essere il primo ad aggiungerne!!
|
MARC
| LEADER | 00000 a a2200000 04500 | ||
|---|---|---|---|
| 001 | 9779 | ||
| 003 | |||
| 040 | |||
| 245 | |a Nicaragua; Regime in crisis | ||
| 520 | |a En este se reflexiona sobre la crisis del gobierno de Anastasio Somoza Debayle, en Nicaragua. Revisa, someramente, algunas de las fuerzas polítcas que estaban en pugna en el momento, la decadencia y corrupción del régimen somocista, el surgimiento del Frente Sandinista de Liberación Nacional y el rol de los Estados Unidos. ABB/mb | ||
| 650 | |a MOVIMIENTOS DE LIBERACION NACIONAL | ||
| 650 | |a GRUPOS DE INTERESES | ||
| 650 | |a DICTADURA | ||
| 650 | |a OPOSICION POLITICA | ||
| 650 | |a DESARROLLO POLITICO | ||
| 650 | |a FRENTE SANDINISTA DE LIBERACION NACIONAL, NI | ||
| 773 | |g volumen 11, número 8; páginas 43-45 | ||
| 999 | |c 39393 |d 39393 | ||
